MARC

LEADER 00000nam0a2200000 4500
001 57628
005 20231031054354.0
010 |a 052153254X 
035 |a (RuTPU)RU\TPU\book\60841 
090 |a 57628 
100 |a 20031112d2003 m y0engy50 ba 
101 0 |a eng 
102 |a US 
105 |a a j 000zy 
200 1 |a Test your Business Vocabulary in Use  |f G. Bethell, T. Aspinall 
205 |a 4-st ed. 
210 |a New York  |c Cambridge University Press  |d 2003 
215 |a 102 p.  |c il. 
610 1 |a английский язык 
610 1 |a учебные пособия 
610 1 |a лексика 
610 1 |a разговорная речь 
610 1 |a устная речь 
610 1 |a бизнес 
610 1 |a тесты 
686 |a Ш143.21-923.4  |v LBC/SL-A  |2 rubbk 
700 1 |a Bethell  |b G.  |g George 
701 1 |a Aspinall  |b T.  |g Tricia 
801 1 |a RU  |b 63413507  |c 20031112  |g PSBO 
801 2 |a RU  |b 63413507  |c 20110617  |g PSBO 
942 |c BK